Lengua española 2000 (Registro nro. 9283)

Detalles MARC
000 -LIDER
fixed length control field 00963nam a22002777a 4500
001 - NÚMERO DE CONTROL
Identificador de número de control 0181
003 - IDENTIFICACDOR DE NÚMERO DE CONTROL
control field DO-SdBNP
005 - DATE AND TIME OF LATEST TRANSACTION
control field 20160328124813.0
007 - CAMPOS FIJOS DE DESCRIPCIÓN FÍSICA
fixed length control field 0181
008 - ELEMENTOS DE LONGITUD FIJA
fixed length control field 151005b 200 1998 dr 00| 0 spa d
040 ## - FUENTE DE CATALOGACIÓN
Agencia que crea de manera original el registro BPMSU
Idioma de catalogación spa
Agencia que realiza la transcripción BPMSU
092 ## - LOCALLY ASSIGNED DEWEY DECIMAL CALL NUMBER
Número de clasificación XXXX
Número de ítem (Cutter) XXXX
100 1# - ASIENTO PRINCIPAL -- NOMBRE PERSONAL
Nombre personal Liriano Brito, María Concepción
245 10 - MENCIÓN DE TITULO
Título Lengua española 2000
Subtítulo educación básica 2do. /
Mención de responsabilidad María Concepción Liriano Brito, Rosa del Carmen Mena, Celeste Amparo Camilo Amarante ; directora de ediciones Nelgia A. Acosta ; ilustraciones Stalin Núñez, Julio C. Martínez, Jorge Valerio
260 ## - PUBLICACIÓN, DISTRIBUCIÓN, ETC. (PIE DE IMPRENTA)
Lugar de publicación, distribución, etc Santo Domingo :
Nombre del editor, distribuidor, etc. Susaeta,
Fecha de publicación, distribución, etc 1998.
300 ## - DESCRIPCIÓN FÍSICA
Extensión 192 p :
Otros detalles físicos il.
Dimensiones 27 cm.
700 12 - ASIENTO SECUNDARIO -- NOMBRE PERSONAL
Nombre personal Mena, Rosa del Carmen
700 12 - ASIENTO SECUNDARIO -- NOMBRE PERSONAL
Nombre personal Camilo Amarante, Celeste Amparo
700 12 - ASIENTO SECUNDARIO -- NOMBRE PERSONAL
Nombre personal Acosta, Nelgia A.
Mención de responsabilidad dir. ed.
700 12 - ASIENTO SECUNDARIO -- NOMBRE PERSONAL
Nombre personal Núñez, Stalin
Mención de responsabilidad il.
700 12 - ASIENTO SECUNDARIO -- NOMBRE PERSONAL
Nombre personal Martínez, Julio C.
Mención de responsabilidad il.
700 12 - ASIENTO SECUNDARIO -- NOMBRE PERSONAL
Nombre personal Valerio, Jorge
Mención de responsabilidad il.
910 ## - VALIDACIÓN
Validación 144
942 ## - ADDED ENTRY ELEMENTS (KOHA)
Source of classification or shelving scheme Dewey Decimal Classification
Koha item type Libros
956 ## - LOCAL ELECTRONIC LOCATION AND ACCESS (OCLC)
Nombre de host Yngrid Lockward
Existencias
Withdrawn status Lost status Source of classification or shelving scheme Damaged status Not for loan Collection code Home library Current library Date acquired Source of acquisition Total Checkouts Barcode Date last seen Price effective from Koha item type
    Dewey Decimal Classification       Biblioteca Pública Metropolitana Salomé Ureña Biblioteca Pública Metropolitana Salomé Ureña 03/17/2016 Donación   BPMET16030158 03/17/2016 03/17/2016 Libros